| 000 | 00409nam a22001337a 4500 | ||
|---|---|---|---|
| 040 | _cNUST | ||
| 082 | _a891.4393,AHM | ||
| 100 |
_aAhmed, Abu Al-Hassan Mansoor _9110269 |
||
| 245 |
_aAlif laila o laila (Vol-3) / الف لیلہ و لیلہ (Urdu) / _cAbu Al-Hassan Mansoor Ahmed |
||
| 260 |
_aLahore _bTakhleeqat _c2010 |
||
| 300 | _a478 p.; | ||
| 650 | _aUrdu Literature | ||
| 942 |
_2ddc _cBK _k891.4393,AHM |
||
| 999 |
_c593703 _d593703 |
||